Programy TTV - nagła śmierć - Statystyki

Ogólne statystyki
  • Ten quiz został rozwiązany 25 razy
  • Średni wynik to 7 z 10
Answers on the Grid
Answers color-coded by a green-red scale on the quiz's grid according to % correct below.
Azja Express
Totalne remonty Szelągowskiej
Mam talent!
Damy i wieśniaczki
Żywioły Saszy. Ogień
99 – gra o wszystko
Nauka jazdy
Kuchenne rewolucje
Gliniarze
Miodowe lata
Mecenas Porada
Express
19+
Gogglebox. Przed telewizorem
Kanapowczynie
Życie na kredycie
Policjantki i policjanci
Policjantki i policjanci
Wesele z piekła rodem
Żony Podlasia
Dzielnica strachu
Wycieczkowiec
Lombard. Życie pod zastaw
Zakup w ciemno
Diabelnie boskie
Miłość w rytmie disco
Ukryta prawda
Ojciec Mateusz
 
Statystyki odpowiedzi
Odpowiedź % Poprawnych
Damy i wieśniaczki
83%
Gogglebox. Przed telewizorem
78%
Express
72%
Kanapowczynie
72%
Nauka jazdy
72%
99 – gra o wszystko
67%
Żony Podlasia
67%
Życie na kredycie
61%
Zakup w ciemno
56%
Diabelnie boskie
44%
Nie znaleziono quizów pasujących do podanych kryteriów
Rozkład punktacji
Procent ludzi z każdym wynikiem
Percentyl według liczby udzielonych odpowiedzi
Twoja historia wyników
Nie rozwiązałeś tego quizu